Solidaridad a bajo costo. Las fundaciones brasileñas ante la crisis del Estado desarrollista (1987-2016) (notice n° 2209110)

détails MARC
000 -LEADER
fixed length control field 02062cam a2200169 4500500
005 - DATE AND TIME OF LATEST TRANSACTION
control field 20260412000104.0
041 ## - LANGUAGE CODE
Language code of text/sound track or separate title fre
042 ## - AUTHENTICATION CODE
Authentication code dc
100 10 - MAIN ENTRY--PERSONAL NAME
Personal name Grunewald Louro, Pedro
Relator term author
245 00 - TITLE STATEMENT
Title Solidaridad a bajo costo. Las fundaciones brasileñas ante la crisis del Estado desarrollista (1987-2016)
260 ## - PUBLICATION, DISTRIBUTION, ETC.
Date of publication, distribution, etc. 2026.<br/>
500 ## - GENERAL NOTE
General note 5
520 ## - SUMMARY, ETC.
Summary, etc. Este artículo repasa las transformaciones del ethos filantrópico brasileño desde la crisis del Estado desarrollista a mediados de la década de 1980, que coincidió con el fin del régimen militar y el abandono de la política de industrialización por sustitución de importaciones. Durante el primer período (1987-2005), este ethos, basado en alianzas público-privadas entre las élites económicas, la filantropía estadounidense y activistas e investigadores en ciencias sociales, se centró en acciones locales y campañas mediáticas de sensibilización, mientras que el Estado ponía en marcha reformas neoliberales. En el segundo periodo (2006-2016), mientras el gobierno proclama una intensificación de su política social sin por ello dar marcha atrás en esas reformas, el nuevo ethos tiene como objetivo participar en las decisiones políticas mediante soluciones técnicas, en particular el cálculo microeconométrico del impacto, impulsado por expertos que han encontrado en las fundaciones una alternativa profesional a la planificación. La doble «cuestión social» derivada del régimen autoritario —una política social restrictiva y una sociedad civil reprimida— es objeto, por parte de la filantropía brasileña, de una serie de iniciativas que mantienen una solidaridad de bajo costo, es decir, preocupada por ir más allá de sus intereses económicos inmediatos, sin por ello provocar un aumento del gasto público y privado.
700 10 - ADDED ENTRY--PERSONAL NAME
Personal name Paula Hey, Ana
Relator term author
786 0# - DATA SOURCE ENTRY
Note Critique internationale | - | 1 | 2026-03-11 | p. 61-84 | 1290-7839
856 41 - ELECTRONIC LOCATION AND ACCESS
Uniform Resource Identifier <a href="https://shs.cairn.info/revista-critique-internationale-2026-1-page-61?lang=es&redirect-ssocas=7080">https://shs.cairn.info/revista-critique-internationale-2026-1-page-61?lang=es&redirect-ssocas=7080</a>

Pas d'exemplaire disponible.

PLUDOC

PLUDOC est la plateforme unique et centralisée de gestion des bibliothèques physiques et numériques de Guinée administré par le CEDUST. Elle est la plus grande base de données de ressources documentaires pour les Étudiants, Enseignants chercheurs et Chercheurs de Guinée.

Adresse

627 919 101/664 919 101

25 boulevard du commerce
Kaloum, Conakry, Guinée

Réseaux sociaux

Powered by Netsen Group @ 2025